Central Library and Information Centre
Sibsagar Girls' College, Sivasagar : Assam

PRINCIPLES OF NUTRITION (Record no. 7918)

MARC details
000 -LEADER
fixed length control field 00467cam a2200193ua 4500
008 - FIXED-LENGTH DATA ELEMENTS--GENERAL INFORMATION
fixed length control field 151120n1979 II |||gr||||Z||||||eng
040 ## - CATALOGING SOURCE
Original cataloging agency MAIN
041 ## - LANGUAGE CODE
-- English
082 ## - DEWEY DECIMAL CLASSIFICATION NUMBER
Classification number 641.1 WIL
100 ## - MAIN ENTRY--PERSONAL NAME
Personal name WILSON, EVA D.
245 ## - TITLE STATEMENT
Title PRINCIPLES OF NUTRITION
260 ## - PUBLICATION, DISTRIBUTION, ETC.
Place of publication, distribution, etc. NEW YORK
Name of publisher, distributor, etc. JOHN WILEY & SONS
Date of publication, distribution, etc. 1979
300 ## - PHYSICAL DESCRIPTION
Extent 607.
700 ## - ADDED ENTRY--PERSONAL NAME
Personal name GARCIA, PILAR A.
700 ## - ADDED ENTRY--PERSONAL NAME
Personal name FISHER , KATHERINE H.
942 ## - ADDED ENTRY ELEMENTS (KOHA)
Koha item type Books
653 ## - INDEX TERM--UNCONTROLLED
Uncontrolled term Home & family management
Holdings
Withdrawn status Lost status Damaged status Not for loan Collection code Home library Current library Shelving location Date acquired Full call number Barcode Date last seen Copy number Price effective from Koha item type
        TBHMSC Central Library and Information Centre Sibsagar Girls College Central Library and Information Centre Sibsagar Girls College Home Science Rack 20.04.1983 641.1 WIL 07063 27.02.2020 1 27.02.2020 Books


Sibsagar Girl's College © 2020. All rights reserved.
Powered by Koha.
Maintained by Abhijit Borpuzari.